Biología y clínica de conejos y roedores /
Guardado en:
| Autor Principal: | |
|---|---|
| Otros Autores: | |
| Formato: | Libro |
| Publicado: |
Mallorca :
Acribia,
1980
|
| Materias: | |
| Etiquetas: |
Agregar Etiqueta
Sin Etiquetas, Sea el primero en etiquetar este registro!
|
| LEADER | 00883nam a22002415a 4500 | ||
|---|---|---|---|
| 001 | CEM.cems015916 | ||
| 008 | 130507s1980##################000#0#####d | ||
| 005 | 20210826181347.0 | ||
| 003 | CEMS | ||
| 245 | 1 | 0 | |a Biología y clínica de conejos y roedores / |c John E. Harkness y Joseph E. Wagner |
| 260 | |a Mallorca : |b Acribia, |c 1980 | ||
| 300 | |a 182 p. | ||
| 505 | 0 | |a Principios generales de manejo -- Biología y manejo -- Procedimientos clínicos -- Sindrómes clínicos y su diagnóstico diferencial -- Procesos específicos -- Algunos casos clínicos | |
| 020 | |a 8420004383 | ||
| 100 | 1 | |a Harkness, John E. | |
| 700 | 1 | |a Wagner, Joseph E. | |
| 082 | 0 | 4 | |a 636.9 |
| 653 | |a Conejos | ||
| 653 | |a Conejos-enfermedades | ||
| 653 | |a Conejos-biología | ||
| 653 | |a Roedores | ||
| 653 | |a Conejos-manipulación y transporte | ||
| 859 | |a CEMS |b BIB. CEMS - Agricultura |h 636.9 |i H226 |p A16159.91 |t Ej.1 | ||
